00574nam a22002057a 4500003000500000005001700005008004100022010000900063011000900072035000900081040000900090082002000099111007400119245001200193260004600205300001500251500001200266650002700278710006300305CHAP20220329133203.0971013s1982 r 10010 d a3148 a4120 a3322 cCHAP a627.56bC8 198200aCurso de Riego por Aspersión (n7d: 1982c: Gómez Palacio, Dgo.) aMemoria aGómez Palacio, Dgo. :bEl Centro,c1982 ac.a 287 p. aD48-20914aRiego por aspersión.0 aCentro Nacional de Métodos Avanzados de Riego. México.